| 000 | 00589nam a2200193 a 4500 | ||
|---|---|---|---|
| 001 | 455 | ||
| 003 | CDMR | ||
| 005 | 20131023135200.0 | ||
| 008 | 130130s1996||||||||||||||||||||||||||||d | ||
| 020 | _a8492028947 | ||
| 040 |
_aCDMR _bcat _cCPC GIRONA |
||
| 100 | 1 |
_aSuñé, Albert _9327 |
|
| 245 | 1 | 0 |
_aCinema de paper _b: les revistes de cinema i els 50 anys de Fotogramas _cAlbert Suñé |
| 260 |
_bDiputació de Barcelona _aBarcelona |
||
| 260 |
_c1996 _bCol·legi de Periodistes de Catalunya |
||
| 490 | 0 |
_aVaixells de Paper _v21 |
|
| 650 | 0 | 4 |
_94170 _aCinematografia _xRevistes |
| 942 |
_cMON _2ddc |
||
| 999 |
_c455 _d455 |
||